000 00927nam a22001817a 4500
999 _c64161
_d64161
003 Ge_BSU
005 20260423112413.0
008 260423s1958 ge ||||| |||| 00| 0 geo d
041 _ageo
080 _a338.45(479.22)(09) ტ-97
100 _aტყეშელაშვილი, ნ.
_925881
245 _aნარკვევები საქართველოს მრეწველობის ისტორიიდან :
_b1864-1920 წ.წ. /
_c ნ. ტყეშელაშვილი; რედ. ა. ფანცხავა.
264 _aთბ. :
_bთბილ. უნ-ტის გამ-ბა და სტ.,
_c1958.
300 _a187 გვ. ;
_b 22 სმ.
504 _aბიბლიოგრ. ტექსტის შენიშვნებში.
653 _aსაქართველოს მრეწველობის ისტორია
942 _2udc
_cᲬᲘᲒᲜᲘ